九州地方発着の高速バス愛称 - Statistics

General Stats
  • This quiz has been taken 56 times
    53 since last reset
  • The average score is 15 of 46
Answer Stats
愛称 区間 運行会社 % Correct
はかた号 博多BT~バスタ新宿 西日本鉄道
98%
ひのくに号 天神~熊本桜町BT 西日本鉄道/九州産交バス
71%
桜島号 天神~鹿児島本港 西日本鉄道/南国交通/鹿児島交通/ 鹿児島交通観光バス/JR九州バス
64%
フェニックス号 天神~宮崎駅 西日本鉄道/宮崎交通/九州産交バス/JR九州バス
60%
九州号 博多BT~長崎駅前 九州急行バス
60%
ふくふく号 天神~下関駅 西日本鉄道/サンデン交通
57%
いとうづ号 天神~砂津 西日本鉄道/西鉄バス北九州
55%
いまり号 福岡空港/博多BT/天神~伊万里 昭和自動車
55%
ひた号 天神~日田BT 西日本鉄道/日田バス
52%
からつ号 福岡空港/博多BT/天神~唐津 昭和自動車
52%
なかたに号 天神~砂津/小倉港 西日本鉄道/西鉄バス北九州
50%
どんたく号 博多BT~名鉄BC 西日本鉄道/名鉄バス
48%
とよのくに号 天神~大分新川/別府北浜 西日本鉄道/大分交通/大分バス/亀の井バス
48%
ごかせ号 博多BT~延岡駅前 西日本鉄道/宮崎交通
48%
たかちほ号/あそ号 熊本駅前~延岡駅前 九州産交バス/宮崎交通
48%
させぼ号 博多BT~佐世保BC/佐々BC 西日本鉄道/西肥自動車
43%
ゆふいん号 天神~由布院駅前 西日本鉄道/亀の井バス/日田バス
43%
わかくす号 天神~佐賀駅 西日本鉄道/西鉄バス佐賀
40%
いと・しま号 博多BT~加布里/伊都 昭和自動車
38%
島原号 博多BT~島原港 西日本鉄道/島原鉄道
36%
太宰府ライナーバス旅人 博多BT~太宰府 西鉄バス二日市
33%
ひきの号 天神~砂津 西日本鉄道/西鉄バス北九州
31%
なんぷう号 熊本西部車庫~宮崎駅 九州産交バス/宮崎交通
31%
さぬきエクスプレス福岡 天神~高松駅高速BT 四国高速バス
29%
広福ライナー 博多BT~広島駅 JR九州バス/中国ジェイアールバス/広交観光
29%
B&Sみやざき号 新八代駅~宮崎駅前 JR九州バス/産交バス/宮崎交通
29%
おとずれ号 博多BT~センザキッチン 西日本鉄道
24%
ノースライナー 大貞車庫前~大分空港 大交北部バス
21%
ペガサス号 博多BT~岡山駅 西日本鉄道/両備HD/下津井電鉄
19%
ちくほう号 天神~後藤寺/県大/香春 西日本鉄道/西鉄バス筑豊
19%
りんどう号 長崎駅前~熊本西部車庫 長崎県交通局/九州産交バス
19%
出島号 長崎駅前~砂津 長崎県交通局
19%
エアポートライナー 茂里町~長崎空港 長崎自動車
19%
やまびこ号 熊本駅前~大分金池ターミナル 九州産交バス/大分バス
19%
佐臼ライナー 佐伯駅~大分空港 大分交通
19%
きりしま号 西部車庫/熊本駅前~鹿児島本港 九州産交バス/鹿児島交通/南国交通
17%
道後エクスプレスふくおか 天神~松山室町営業所 伊予鉄バス/伊予鉄南予バス/瀬戸内運輸
14%
サンライズ号 熊本西部車庫~京都駅 九州産交バス/近鉄バス
12%
あそ☆くま号 熊本西部車庫~京都駅 九州産交バス/近鉄バス
12%
エアライナー 大分新川/大分駅前/ 別府駅前~大分空港 大分交通
12%
SORIN号 大分新川~京都駅 大分バス/近鉄バス
12%
出雲ドリーム博多号 博多BT~出雲市駅 JR九州バス/中国ジェイアールバス
10%
ウエストコーストライナー 博多BT~伊都 昭和自動車
10%
サンライト号 長崎駅前~大分新川 長崎県交通局/長崎自動車/大分交通/大分バス
10%
北九州空港エアポートバス 砂津~北九州空港 西鉄バス北九州
7%
湯布院高速リムジンバス 由布院駅前~大分空港 大分交通
0%
No matching quizzes found
Score Distribution
Percent of People with Each Score
Percentile by Number Answered
Your Score History
You have not taken this quiz since the last reset